Estadísticas para Los fichajes más caros del fútbol - Futbolistas daneses

Haz click aquí para intentar la prueba.

Estadísticas generales

  • Esta prueba ha sido intentada 28 veces
  • La puntuación promedio es 4 de 10

Estadísticas de respuestas

Coste (M €)TemporadaÚltimo clubNuevo clubJugador% Correcto
27,002019-2020TottenhamInterChristian Eriksen
86%
73,902023-2024AtalantaManchester UnitedRasmus Højlund
79%
20,002022-2023Sturm GrazAtalantaRasmus Højlund
79%
18,002019-2020CD LeganésFC BarcelonaMartin Braithwaite
61%
20,002018-2019Werder BremenBorussia DortmundThomas Delaney
36%
30,002023-2024EintrachtNápolesJesper Lindstrøm
32%
20,502019-2020AjaxNizaKasper Dolberg
32%
25,002018-2019Borussia MönchengladbachSouthamptonJannik Vestergaard
14%
24,002019-2020SampdoriaLyonJoachim Andersen
14%
18,002023-2024LecceSporting LisboaMorten Hjulmand
11%

Distribución de puntuación

Porcentaje por número respondido

Porcentaje de gente con cada puntuación

Historial de tus puntuaciones

No has intentado esta prueba.